Saṃkhyāẏa Sātakshīrā. (Record no. 87802)

MARC details
000 -LEADER
fixed length control field 00657cam a22002531 4500
001 - CONTROL NUMBER
control field sa 68017578
003 - CONTROL NUMBER IDENTIFIER
control field DLC
005 - DATE AND TIME OF LATEST TRANSACTION
control field 20260227112703.0
008 - FIXED-LENGTH DATA ELEMENTS--GENERAL INFORMATION
fixed length control field 950302s1968 ii ab b 000 0 beno
010 ## - LIBRARY OF CONGRESS CONTROL NUMBER
LC control number sa 68017578
025 ## - OVERSEAS ACQUISITION NUMBER
Overseas acquisition number PL480:EP-B-1695
035 ## - SYSTEM CONTROL NUMBER
System control number (OCoLC)32076418
040 ## - CATALOGING SOURCE
Original cataloging agency DLC
Transcribing agency CU
Modifying agency CU
-- DLC
042 ## - AUTHENTICATION CODE
Authentication code premarc
050 00 - LIBRARY OF CONGRESS CALL NUMBER
Classification number DS485.S36
Item number K6
100 0# - MAIN ENTRY--PERSONAL NAME
Personal name Koraka Saṃsada.
245 10 - TITLE STATEMENT
Title Saṃkhyāẏa Sātakshīrā.
260 ## - PUBLICATION, DISTRIBUTION, ETC.
Date of publication, distribution, etc. [1968]
300 ## - PHYSICAL DESCRIPTION
Extent 49 p.
Other physical details illus., maps.
Dimensions 22 x 35 cm.
500 ## - GENERAL NOTE
General note Cover title.
500 ## - GENERAL NOTE
General note In Bengali.
504 ## - BIBLIOGRAPHY, ETC. NOTE
Bibliography, etc. note Bibliography : p. 49
651 #0 - SUBJECT ADDED ENTRY--GEOGRAPHIC NAME
Geographic name Sātkhira (Bangladesh)
Form subdivision Statistics.

No items available.

Powered by Koha